000 00230 a2200109 4500
020 _a9781937057978
041 _aeng
100 _aVardell, Sylvia
245 _aThe poetry friday anthology for science
942 _cBK
952 _74
999 _c19122
_d19122